000 02789cam a22005294i 4500
003 PE-LiUPU
005 20250731173306.0
008 150625s2003 sp rb 000 0 spa d
020 _a848169469X
035 _a(Sirsi) i9788481694697
040 _aPE-LiUPU
_bspa
_cPE-LiUPU
_erda
049 _aPRUA
082 0 4 _a225.077
_bL54
_221
245 0 0 _aComentario Bíblico Latinoamericano :
_bNuevo Testamento /
_cArmando J. Levoratti, director.
264 1 _aNavarra :
_bVerbo Divino,
_c2003.
300 _a1220 páginas ;
_c23 centímetros
336 _atext
_2rdacontent
337 _aunmediated
_2rdamedia
338 _avolume
_2rdacarrier
504 _aIncluye referencias bibliográficas la final de cada comentario.
505 0 _aHermenéutica latinoamericana -- Para una pastoral bíblica -- La biblia leída desde la mujer -- La biblia y las tradiciones indígenas -- Ecología y derechos humanos -- La traducción y las traducciones de la biblia -- Marco histórico y geográfico del nuevo testamento -- Comentario al Nuevo Testamento.
526 _aSEG42
526 _aSEG41
526 _aSEG40
526 _aSEG39
526 _aP94
526 _aP87
526 _aP86
526 _aP85
526 _aP77
526 _aP76
526 _aP35
541 _g006-0034605;
541 _g006-35830;
541 _g007-0017629;
630 _aBiblia.
_pN.T.
_xComentarios.
700 1 _aLevoratti, Armando J.,
_edirector.
942 _2ddc
_cBOOK
949 _a225.077 L54
_wDEWEY
_c1
_i55899
_d2016-6-16
_e2016-6-15
_lCCODEBUL1
_mBUL
_n1
_p91.00
_r0
_sY
_tBOOK
_u2015-6-25
_xTEOLOGIA
_zUNKNOWN
_0COMPRA
_o.STAFF. Colección General
949 _a225.077 L54
_wDEWEY
_c2
_i57800
_d2016-6-15
_e2016-6-15
_lCCODEBUL1
_mBUL
_n5
_p92.00
_r0
_sY
_tBOOK
_u2015-6-25
_xTEOLOGIA
_zUNKNOWN
_0COMPRA
_o.STAFF. Colección General
949 _a225.077 L54
_wDEWEY
_c3
_i59008
_d2016-1-5
_e2016-1-4
_lCCODEBUL1
_mBUL
_n1
_p108.00
_r0
_sY
_tBOOK
_u2015-6-25
_xTEOLOGIA
_zUNKNOWN
_0COMPRA
_o.STAFF. Colección General
994 _aC0
_bPEPRU
596 _a1
999 _a225.077 L54
_wDEWEY
_c44737
_i55899
_d44737
_e2019-4-21
_f2021-11-9
_g5
_lCCODEBUL1
_mBUL
_n2
_p91.00
_q12
_r0
_sY
_tBOOK
_u2015-6-25
_xTEOLOGIA
_zUNKNOWN
_0COMPRA
_o.STAFF. Colección Teología
999 _a225.077 L54
_wDEWEY
_c2
_i57800
_d2019-6-18
_e2016-6-15
_f2021-11-9
_g5
_lCCODEBUL1
_mBUL
_n5
_p92.00
_q8
_r0
_sY
_tBOOK
_u2015-6-25
_xTEOLOGIA
_PP35
_0COMPRA
_o.STAFF. Colección Teología
999 _a225.077 L54
_wDEWEY
_c3
_i59008
_d2019-6-11
_e2017-10-9
_f2021-11-9
_g6
_lCCODEBUL1
_mBUL
_n2
_p108.00
_q22
_r0
_sY
_tBOOK
_u2015-6-25
_xTEOLOGIA
_zUNKNOWN
_0COMPRA
_o.STAFF. Colección General
980 _81
_gALBERTO SANCHEZ Responsable de Automatización